000 01889nam a2200529 i 4500
001 499
003 KOSZ 005
005 20221021102600.0
008 221021s1976 pl a f 000 0 pol
015 _aPB 1976/3899
035 _a991023474829705066
035 _a(PL-WaBN)b16432101-48omnis_nlop
035 _ab16432101
035 _a(OCoLC)830583027
035 _a(PL)b0000001643210
035 _a(EXLNZ-48OMNIS_NETWORK)9910510746505606
040 _aWA N
_cWA N
_dKOSZ 005/RW
046 _k1976
080 _a624.014
080 _a(075.8)
100 1 _aKrzyśpiak, Tadeusz
_eAutor
245 1 0 _aKonstrukcje stalowe hal /
_cTadeusz Krzyśpiak ; [recenzent mgr inż. Janusz Ratyński].
250 _aWydanie I.
260 _aWarszawa :
_b"Arkady",
_c1976.
300 _a563, [1] strony, [8] kart tablic :
_bilustracje, wykresy ;
_c25 cm.
336 _aTekst
_btxt
_2rdacontent
337 _aBez urządzenia pośredniczącego
_bn
_2rdamedia
338 _aWolumin
_bnc
_2rdacarrier
380 _aKsiążki
380 _aPublikacje fachowe
380 _aPublikacje dydaktyczne
385 _mPoziom nauczania
_aSzkoły wyższe
388 1 _a1901-2000
388 1 _a1945-1989
504 _aBibliografia na stronie [564].
521 8 _aKsiążka przeznaczona jest dla projektantów konstrukcji stalowych oraz dla studentów wydziałów budowlanych wyższych szkół technicznych.
650 7 _aHale produkcyjne
_2DBN
650 7 _aBudowa i konstrukcje
650 7 _aKonstrukcje stalowe
_2DBN
655 7 _aPodręczniki akademickie
658 _aArchitektura i budownictwo
700 1 _aRatyński, Janusz
_eRecenzja
710 2 _aWydawnictwo Arkady
_4pbl
856 _uhttp://koha.tu.koszalin.pl/cgi-bin/koha/opac-detail.pl?biblionumber=499
_yKatalog online BPK
942 _2UKD
_cKS
999 _c499
_d499